| 000 | 00433nam a2200145Ia 4500 | ||
|---|---|---|---|
| 008 | 100415s9999 xx 000 0 und d | ||
| 082 | _b19914 | ||
| 100 | _aNatural History Museum Of Los Angeles Country | ||
| 245 | _aContriburion Of SCience | ||
| 260 |
_aCALIFORNIA _c1984 _bNatural History Museum Of Los Angeles Country |
||
| 365 | _b0 | ||
| 630 | _aContriburion Of SCience | ||
| 730 | _aContriburion Of SCience | ||
| 942 | _cBOOK | ||
| 999 |
_c602811 _d602808 |
||